Daily Capital City Riddle #154 - Statistics

General Stats
  • This quiz has been taken 28 times
  • The average score is 36 of 37
Answer Stats
Type Answer % Correct
Correctly Placed Letter A
100%
Correctly Placed Letter A
100%
Correctly Placed Letter A
100%
Found Letter A
100%
Alphabet Letter B
100%
Alphabet Letter D
100%
Alphabet Letter E
100%
Alphabet Letter G
100%
Alphabet Letter H
100%
Found Letter I
100%
Alphabet Letter J
100%
Alphabet Letter K
100%
Alphabet Letter L
100%
Found Letter M
100%
Correctly Placed Letter N
100%
Found Letter N
100%
Alphabet Letter O
100%
Alphabet Letter R
100%
Alphabet Letter S
100%
Found Letter T
100%
Alphabet Letter U
100%
Found Letter C
96%
Alphabet Letter F
96%
Correctly Placed Letter I
96%
Found Letter P
96%
Alphabet Letter Q
96%
Alphabet Letter V
96%
Found Letter Y
96%
Correctly Placed Letter C
91%
Correctly Placed Letter M
91%
Correctly Placed Letter P
91%
Mystery Capital Panama City
91%
Correctly Placed Letter T
91%
Alphabet Letter W
91%
Alphabet Letter X
91%
Correctly Placed Letter Y
91%
Alphabet Letter Z
91%
No matching quizzes found
Score Distribution
Percent of People with Each Score
Percentile by Number Answered
Your Score History
You have not taken this quiz